00978nam a22001937a 4500003000400000005001700004008004100021020001800062040000800080050001600088100004700104245007100151260005600222300001800278504002800296505038700324650004900711650002400760OSt20231102152114.0190717b2018 00| 0 spa d a9786076105481 cUIN 4aHE5614bL661 aLópez Gutriérrez, Franciscoe , autor 10aPericial en hechos de tránsitoc / Francisco López Gutiérrez aMéxicob : Flores Editor y Distribuidor c , 2018 a157 páginas aBibliografía: p. 157 0 aLa intervención de un perito en hechos de tránsito Inspección ocular y levantamiento del sitio de un suceso por hechos de tránsito Inspecciones oculares a vehículos y peritajes mecánicos Amparo contra multas excesivas Amparo contra el torito Amparo indirecto contra detención incomunicación Queja contra el municipio Diccionario de hecho de tránsito Jurisprudencia 4aRESPONSABILIDAD POR ACCIDENTES DE TRÁNSITO 4aPRÁCTICA FORESNSE